00776nam a2200217 a 450000100100000000500170001000800410002702000150006804000250008308200150010810000280012324500890015126000380024030000230027849000160030150000480031770000400036583000230040595201130042899900170054100002797820200930031241.0110406s1991 ec 000 0 spa d a9978801073 aDO-SdBNPbspacBNPHU axxxxbxxxx1 aPoe, Edgar Allan95503910aCuentos de misterio /cEdgar Allan Poe, introducción y notas Rocío Castro Ponte. aQuito, Ecuador :bLibresa,c1991. a278 p. : ;c21 cm.1 aAntaresv60 aLa biblioteca posee la cuarta reimpresión12aCastro Ponte, Rocíoeintr.955040 0aAntaresv60911341 001050718MOaGRbGRcCTd2011-04-06iLF1l0oxxxx xxxxp27978-10r2020-06-25w2020-06-25y1ZNo se presta c27470d27470